• 首页
  • 本馆介绍
  • 公告通知
  • 最新文献
  • 馆藏检索
  • 电子资源
  • 读者导购
  • 参考咨询
  • 我的图书馆
  • 登录
  • 详细信息显示
  • 放入我的书架
  • 预约/预借图书
  • 作者相关作品
  • 分类相关作品
  • 丛书相关作品
  • 出版社相关作品

书目信息

  • 表格格式
  • 工作单格式
  • 卡片格式
题名:
让学生学会阅读
    
 
作者: 蒋军晶 著
分册:  
出版信息: 北京   中国人民大学出版社  2016.07
页数: 11, 248页
开本: 24cm
丛书名:
单 册:
中图分类: G623.232
科图分类:
主题词: 阅读课--教学研究--小学
电子资源:
ISBN: 978-7-300-23047-4
000 00872nam0 2200241 450
001 0108153913
005 20210308154403.0
010    @a978-7-300-23047-4@dCNY39.80
100    @a20210307e20192016em y0chiy50 ea
101 0  @achi
102    @aCN@b110000
105    @ay z 000yy
106    @ar
200 1  @a让学生学会阅读@Arang xue sheng xue hui yue du@e群文阅读这样做@f蒋军晶著
210    @a北京@c中国人民大学出版社@d2016.07@h2019.06
215    @a11, 248页@d24cm
330    @a本书内容包括:群文阅读到底长什么样、群文阅读对学生的意义、群文阅读对老师的意义、优质的群文是如何形成的、群文阅读的教学取向、群文阅读的操作取向等。
517 1  @a群文阅读这样做@Aqun wen yue du zhe yang zuo
606 0  @a阅读课@x教学研究@x小学
690    @aG623.232@v5
701  0 @a蒋军晶@AJiang jun jing@4著@f(1978~)
801  0 @aCN@bBJSZM@c20210308
905    @b1272731-4@dG623.232@e1333@f4
    
    让学生学会阅读:群文阅读这样做/蒋军晶著.-北京:中国人民大学出版社,2016.07(2019.06)
    11, 248页;24cm
    
    
    ISBN 978-7-300-23047-4:CNY39.80
    本书内容包括:群文阅读到底长什么样、群文阅读对学生的意义、群文阅读对老师的意义、优质的群文是如何形成的、群文阅读的教学取向、群文阅读的操作取向等。
●
相关链接 在E读中查询图书 在五车中查询图书 在当当中查询图书 在豆瓣中查询图书


正题名:让学生学会阅读     索取号:G623.232/1333         预约/预借

序号 登录号 条形码 馆藏地/架位号 状态 备注
1 1272731   212727316   第一样本阅览室/ [索取号:G623.232/1333] 在馆    
2 1272732   212727325   教育系资料室/ [索取号:G623.232/1333] 在馆    
3 1272733   212727334   教育系资料室/ [索取号:G623.232/1333] 在馆    
4 1272734   212727343   第四借阅区/ [索取号:G623.232/1333] 在馆    
唐山师范学院图书馆 欢迎您!
大连网信软件有限公司© 版权所有